Deleted Wikipedia Articles IV Quiz Stats

 Plays Quiz Updated Nov 2, 2018

Score 0/25 Timer 05:00
3 Plays Today
% Correct
Badger
95%
Flat
94.7%
Legs
94.7%
Michael
94.5%
Hussein
94.4%
🙉
93.9%
Chicken
93.8%
Grade
93.5%
Gravitational
92.9%
Names
92.1%
Dispenser
91.8%
Magic
91.5%
Dragged
91.3%
% Correct
Oops
91.2%
Atronuts
91.1%
Accounting
90.9%
Andorra
88.3%
Shot
87.7%
Rulers
87.2%
City
85.2%
Zombie
84%
Today's
82.9%
Levels
81.6%
Misleading
75.8%
Interpretation
56.3%

You're not logged in!

Compare scores with friends on all Sporcle quizzes.
OR
Log In

Sporcle TV

Today on Sporcle TV


Watch our educational content, quiz creation guides, and fun videos on Sporcle TV.

Show Comments

Extras

Top Quizzes Today


Score Distribution

Your Account Isn't Verified!

In order to create a playlist on Sporcle, you need to verify the email address you used during registration. Go to your Sporcle Settings to finish the process.

Report this User

Report this user for behavior that violates our Community Guidelines.

Details: